El origen de la tragedia a partir del espíritu de la música

Saved in:
Bibliografiske detaljer
Format: Bog
Sprog:spansk
Udgivet: Buenos Aires Goncourt 1978
Fag:
Tags: Tilføj Tag
Ingen Tags, Vær først til at tagge denne postø!

MARC

LEADER 00000nam a2200000 a 4500
001 UCZ2150
003 CL-VaPUC
008 950926e19780000AG |||||||||||||||||spa|d
082 0 4 |a 193  |b NIE  |2 21 
245 1 3 |a El origen de la tragedia a partir del espíritu de la música 
300 |a 133 p 
942 |c BK 
945 |d 19950926 00:00:00  |a cmena 
260 |a Buenos Aires  |b Goncourt  |c 1978 
650 0 |a Filosofía alemana   |9 265002 
650 0 |a Tragedia   |9 345955 
650 0 |a Formas y géneros literarios  |9 324031 
650 0 |a Música  |9 306269 
583 |a last modification  |c 19950926 00:00:00  |k Rodrigo Vera 
999 |c 238797  |d 238795 
952 |0 0  |1 0  |4 0  |6 193_000000000000000_NIE_1978  |7 0  |8 A  |9 249300  |a BIBEDU  |b BIBEDU  |d 2019-11-18  |i 156496K  |o 193 NIE 1978  |p 156496K  |r 2019-11-18  |w 2019-11-18  |y BK  |k FIL